Top 10 NHL Goalie Nick-names - Statistics

General Stats
  • This quiz has been taken 664 times
  • The average score is 5 of 10
Answer Stats
Hint Goalies % Correct
4. King Henrik Henrik Lundqvist
84%
9. Flower Marc-Andre Fleury
79%
2. The Halakness Monster Jaraslov Halak
70%
7. Optimus Reim James Reimer
66%
8. Kipper Miikka Kiprusoff
54%
1. The Bulin Wall Nikolai Khabibulin
43%
3. Rollie the Goalie Dwayne Roloson
28%
6. Captain America Ryan Miller
28%
5. Bubbles Mike Smith
10%
10. He's big, he's bad… Alex Auld
1%
No matching quizzes found
Score Distribution
Percent of People with Each Score
Percentile by Number Answered
Your Score History
You have not taken this quiz